|
|
|
|
| LEADER |
00916nam a2200241 a 4500 |
| 001 |
3821085 |
| 008 |
850816s1984 bg b f000 0 eng d |
| 010 |
|
|
|a 85901970
|
| 020 |
|
|
|c Tk100.00 ($8.00 U.S.)
|
| 040 |
|
|
|a DLC
|c DLC
|d DLC
|
| 082 |
0 |
0 |
|a 352.0549/2
|2 19
|
| 245 |
0 |
0 |
|a Local government in Bangladesh /
|c editor, Kamal Siddiqui.
|
| 250 |
|
|
|a 1st ed.
|
| 260 |
|
|
|a Dhaka :
|b National Institute of Local Government,
|c 1984.
|
| 300 |
|
|
|a ix, 267 p. ;
|c 23 cm.
|
| 504 |
|
|
|a Bibliography: p. [249]-267.
|
| 541 |
1 |
|
|e 00001896
|
| 650 |
|
0 |
|a Local government
|z Bangladesh.
|
| 700 |
1 |
|
|a Siddiqui, Kamal.
|
| 710 |
2 |
|
|a National Institute of Local Government (Bangladesh)
|
| 852 |
4 |
|
|a Ayesha Abed Library
|j General Shelf.
|
| 999 |
|
|
|c 4940
|d 4940
|
| 952 |
|
|
|0 0
|1 0
|2 ddc
|4 0
|6 352_054920000000000_LOC_1984
|7 0
|9 4757
|a BRACUL
|b BRACUL
|c GEN
|d 2009-10-29
|g 100.00
|l 4
|m 23
|o 352.05492 LOC
|p 3010001896
|r 2024-12-09
|s 2024-06-24
|t 1
|w 2009-10-29
|y BK
|